Membres originaux des équipes Marvel #1 - Statistiques

Statistiques générales
  • Ce quiz a été pris 249 fois
  • Le résultat moyen est 10 sur 16
Statistiques - réponses
Membres % Correct
Iron Man
96%
Hulk
94%
Captain America
93%
Thor
88%
La Chose
77%
La Torche humaine
73%
Le Professeur X
68%
La Femme invisible
66%
Mr Fantastique
64%
Cyclope
60%
Jean Grey
52%
Le Fauve
47%
Ant-Man
46%
La Guêpe
39%
Iceberg
30%
Angel
27%
Aucun quiz correspondant
Distribution des résultats
% des personnes avec chaque résultat
Percentile par nombre de réponses
Votre historique - résultats
Vous n’avez pas pris ce quiz